Urbanization and urban expansion of Madurai city : (Record no. 42317)

MARC details
000 -LEADER
fixed length control field 00777nam a22002057a 4500
010 ## - LCCN (DPL NO)
LC control number ENG-100766
020 ## - INTERNATIONAL STANDARD BOOK NUMBER
Terms of availability 150.00
International Standard Book Number 9789380211831
035 ## - SYSTEM CONTROL NUMBER
System control number EN-84299
037 ## - SOURCE OF ACQUISITION
Source of stock number/acquisition DBAD / PUB
082 ## - DEWEY DECIMAL CLASSIFICATION NUMBER
Classification number 301.36
100 ## - MAIN ENTRY--PERSONAL NAME
Personal name Manonmani, I. K.
245 ## - TITLE STATEMENT
Title Urbanization and urban expansion of Madurai city :
Statement of responsibility, etc by I. K. Manonmani
Remainder of title an analysis of land use in fringen Areas /
260 ## - PUBLICATION, DISTRIBUTION, ETC. (IMPRINT)
Place of publication, distribution, etc Polichi
Name of publisher, distributor, etc Ethir Veliyedu
Date of publication, distribution, etc 2009
270 ## - ADDRESS
Address 305, Police Station Road
City Polichi
Postal code 642001
300 ## - PHYSICAL DESCRIPTION
Extent vi, 152 p.
Dimensions 24cm (Pbk)
500 ## - GENERAL NOTE
General note Includes bibliographical references
700 ## - ADDED ENTRY--PERSONAL NAME
9 (RLIN) 6162
942 ## - ADDED ENTRY ELEMENTS (KOHA)
Source of classification or shelving scheme Dewey Decimal Classification
Item type English Books
Call number suffix MAN
Classification part 301.36
Holdings
Withdrawn status Lost status Not for loan Collection code Home library Current library Date acquired Source of acquisition Cost, normal purchase price Full call number Barcode Copy number Cost, replacement price Koha item type
      Non-fiction Ashok Vihar Ashok Vihar 17/08/2010 DBAD/PUB 150.00 301.36 MAN EN-84299 1 150.00 English Books

© Delhi Public Library
Hit Counter
free hit counter